000 00825nam a22001337a 4500
040 _cRUA
082 _aAGR SUN 2013 B056 Or.1
100 _aSUN VIBAI
245 _aWeed management measures on ir 66 rice variety rogro machine in crop station of royal university of agriculture, (វិធានការគ្រប់គ្រងស្មៅលើពូជស្រូវអ៊ីអ៊ែ ៦៦ដែលពង្រោះដោយម៉ាស៊ីនដំាជាជួរ (ROGRO) ក្នុងស្ថានីយ៍ពិសោធដំណាំ នៃសាកលវិទ្យាភូមិន្ទកសិកម្ម)
260 _aphnom penh
_bRUA
_c2013
300 _axi, 57p.
_bill.
_c29cm.
856 _uhttps://drive.google.com/file/d/1LqfsBM92dFquvK6jH77nuU87VZJwqJSd/view?usp=sharing
942 _cAGR
999 _c1389
_d1389